Statistics for Animal Alphabet Picture 57

Click here to take the quiz!

General Stats

  • This quiz has been taken 9 times
  • The average score is 22 of 26

Answer Stats

Answer% Correct
Alligator
100%
Donkey
100%
Elephant
100%
Fox
100%
Goat
100%
Hippopotamus
100%
Jellyfish
100%
Kangaroo
100%
Octopus
100%
Penguin
100%
Raccoon
100%
Seal
100%
Toucan
100%
Unicorn
100%
Zebra
100%
Cheetah
89%
Lemur
89%
Viper
89%
Yak
89%
Macaw
78%
Warthog
78%
Impala
44%
Quokka
44%
Numbat
33%
Binturong
22%
X-Ray Fish
11%

Score Distribution

Percentile by Number Answered

Percent of People with Each Score

Your Score History

You have not taken this quiz